000 00528nam a2200145Ia 4500
003 GCL
008 140319s9999 xx 000 0 ara d
040 _aGCL /
_cGCL
082 0 4 _a331.88
_bل ن
100 1 _aلاسكى، هارولدج
245 1 0 _aنقابات العمال فى المجتمع الحديث (هدية من الاديب عبدالفتاح الجمل) /
_cلاسكى، هارولدج
700 1 _aلاسكى، هارولد ج
300 _a153 ص
490 _aالهيئة العامة للاستعلامات
_v0
999 _c47592
_d47592